000 01047cam a2200217 4500
001 WB3846-15
008 021210n2002 000 0 eng u
035 _a(Sirsi) u120718
245 _aReview and delivery to rural areas
260 _c2002
490 _aDEFRA News Release
_v(504/02) 6 December 2002, (4)
520 _aDetails of Lord Haskin's Rural Delivery Review are published. Recommendations include maximising value for money for rural areas and simplifying responsibilities for rural delivery. These arrangements will be examined at local, national and regional levels and other agencies will be included in this such as the Countryside Agency and the National Park Authorities. http://www.nds.coi.gov.uk/coi/coipress.nsf/567e3dc25f61661580256ae8003b4907/4894519cbe197eb280256c870056c208?OpenDocument
590 _aWB
650 _aVALUE FOR MONEY
650 _aSERVICE AGREEMENTS
650 _aCOUNTRYSIDE AGENCY
650 _aENGLISH HERITAGE
650 _aNATIONAL PARK AUTHORITIES
690 _aRural
_96268
942 _n0
999 _c71729
_d71729